The leopard

Na minha lista:
Detalhes bibliográficos
Autor principal: Giuseppe Tomasi di Lampedusa
Formato: Livro
Idioma:Undetermined
Publicado em: London Everyman's Library 1991
Assuntos:
Tags: Adicionar Tag
Sem tags, seja o primeiro a adicionar uma tag!
Thư viện lưu trữ: Trung tâm Học liệu Trường Đại học Cần Thơ
LEADER 00524nam a2200181Ia 4500
001 CTU_27351
008 210402s9999 xx 000 0 und d
082 |a 853.9 
082 |b L237 
100 |a Giuseppe Tomasi di Lampedusa 
245 4 |a The leopard 
245 0 |c Giuseppe Tomasi di Lampedusa, Archibald Colquhoun 
260 |a London 
260 |b Everyman's Library 
260 |c 1991 
650 |a italian literature - 20th century 
904 |i Minh, 981216 
980 |a Trung tâm Học liệu Trường Đại học Cần Thơ